Y Challenge - Random Questions - Statistics

General Stats
  • This quiz has been taken 37 times
  • The average score is 10 of 15
Answer Stats
Hint Answer % Correct
Fungi that helps your bread rise Yeast
100%
This food is made by fermenting milk with bacteria Yogurt
91%
The yellow part of a chicken egg Yolk
88%
Cats like to play with balls of this kind of thread Yarn
84%
What "amarillo" and "gelb" mean in English Yellow
84%
This tuber is often erroneously called a sweet potato Yam
81%
Village People claim that it's fun to stay here YMCA
81%
Until 1990, there were two of this country Yemen
75%
Armenia's capital Yerevan
75%
Many Christmas "traditions" come from this pagan holiday Yule
72%
Drake popularized this abbreviation that throws caution to the wind YOLO
53%
Rare earth element with the symbol Y Yttrium
53%
Taoism is usually represented by this symbol Yin-Yang
44%
Famous soloist and cellist Yo-Yo Ma
41%
This yellow citrus fruit comes from East Asia Yuzu
19%
No matching quizzes found
Score Distribution
Percent of People with Each Score
Percentile by Number Answered
Your Score History
You have not taken this quiz